000 00316nam a22001457a 4500
008 230320b ||||| |||| 00| 0 eng d
020 _a1931017042
041 _aeng
080 _a616.31
082 _a616.31MIT
100 _a12
101 _aSTOMA
245 _aDENTAL INSTRUMENTS
_cMITCHELL M
942 _2udc
_cBK
999 _c59400
_d59400